100 thủ thuật và mẹo vặt cao cấp dùng trong Word 2003

Gorde:
Xehetasun bibliografikoak
Egile nagusia: Lữ, Đức Hào
Formatua: Liburua
Hizkuntza:Undetermined
Argitaratua: Hà Nội Thống kê 2004
Gaiak:
Etiketak: Etiketa erantsi
Etiketarik gabe, Izan zaitez lehena erregistro honi etiketa jartzen!
Thư viện lưu trữ: Trung tâm Học liệu Trường Đại học Cần Thơ
LEADER 00561nam a2200193Ia 4500
001 CTU_93902
008 210402s9999 xx 000 0 und d
020 |c 42500 
082 |a 005.3 
082 |b H108 
100 |a Lữ, Đức Hào 
245 0 |a 100 thủ thuật và mẹo vặt cao cấp dùng trong Word 2003 
245 0 |c Lữ Đức Hào 
260 |a Hà Nội 
260 |b Thống kê 
260 |c 2004 
650 |a Word (Computer programs) 
904 |i Trúc 
980 |a Trung tâm Học liệu Trường Đại học Cần Thơ